Music Quiz

Random Music or Clickable Quiz

Lyrics Matchup Quiz Stats

Quiz not verified by Sporcle

Challenge
Share
Tweet
Embed
Score 0/15 Timer 04:00
0 Plays Today
% Correct
Eye of the Tiger- Survivor
95.9%
I Love Rock N' Roll- Joan Jett and the Blackhearts
92.1%
Feel So Close- Calvin Harris
91.7%
Stronger- Kelly Clarkson
90.2%
Let It Be- The Beatles
82.5%
What Makes You Beautiful- One Direction
81.9%
We Are Young- fun.
80.7%
Titanium- David Guetta
79.7%
% Correct
Lose Yourself- Eminem
79.5%
Call Me Maybe- Carly Rae Jepson
77.2%
Beat It- Michael Jackson
76%
Like a Rolling Stone- Bob Dylan
69.9%
My Generation- The Who
59.6%
Good Time- Owl City
57.1%
Payphone- Maroon 5
50%

You're not logged in!

Compare scores with friends on all Sporcle quizzes.
Join for Free
OR
Log In

You Might Also Like...

Show Comments

Extras

Top Quizzes Today


Score Distribution

Your Account Isn't Verified!

In order to create a playlist on Sporcle, you need to verify the email address you used during registration. Go to your Sporcle Settings to finish the process.

Report this User

Report this user for behavior that violates our Community Guidelines.

Details: